000 00860nam a2200253Ia 4500
003 OSt
005 20220925195240.0
006 a|||||r|||| 00| 0
007 ta
008 220923b |||||||| |||| 00| 0 eng d
020 _a9781848448612
_c4691.3599999999997
037 _bBBS/16, 17/08/2010, Better Book Service
_cGeneral Book
040 _aRTL
_cRTL
_beng
041 _2eng
_aeng
082 _aX991:533.4, Q0
100 _aGASTON Noel
_9253909
245 0 _aGlobalization and economic integration
_b Winners and losers in the Asia-Pacific
260 _aCheltenham
_bEdward Elgar
_c2010
300 _aviii, 293p
_ccm.
650 _aCommerce
700 _a KHALID Ahmed M.
_9253910
942 _hX991:533.4, Q0
_cGB
_2CC
999 _c532320
_d532320